Statystyki dla Miasta nordyckie mające przynajmniej 100k mieszkańców

Kliknij tutaj aby rozwiązać quiz!

Ogólne statystyki

  • Ten quiz został rozwiązany 54 razy
    (37 od ostatniego zresetowania)
  • Średni wynik to 14 z 27

Statystyki odpowiedzi

PaństwoMiastoPopulacja% Poprawnych
SzwecjaSztokholm978 k
96%
DaniaKopenhaga1345 k
92%
NorwegiaOslo699 k
92%
FinlandiaHelsinki658 k
88%
SzwecjaMalmo351 k
88%
IslandiaReykjavik236 k
75%
NorwegiaBergen286 k
67%
SzwecjaGoteborg587 k
63%
DaniaOdense180 k
63%
NorwegiaTrondheim210 k
58%
DaniaAarhus285 k
54%
FinlandiaOulu209 k
50%
FinlandiaTampere244 k
50%
FinlandiaTurku195 k
50%
DaniaAalborg119 k
42%
FinlandiaLahti120 k
42%
SzwecjaOrebro156 k
38%
NorwegiaStavanger144 k
38%
SzwecjaUppsala237 k
38%
NorwegiaDrammen102 k
33%
FinlandiaEspoo297 k
33%
SzwecjaHelsingborg150 k
29%
FinlandiaKuopio121 k
29%
SzwecjaLinkoping165 k
17%
SzwecjaVasteras156 k
17%
FinlandiaVantaa239 k
13%
FinlandiaJyvaskyla144 k
8%

Rozkład punktacji

Percentyl według liczby udzielonych odpowiedzi

Procent ludzi z każdym wynikiem

Twoja historia wyników

Nie rozwiązałeś tego quizu od ostatniego zresetowania